000
00178 a2200097 4500
020
_a
9780752865492
041
_a
eng
100
_a
Finder, Joseph
245
_a
Paranoia
942
_c
BK
999
_c
7813
_d
7813